<A >Esmeralda do Píncipe Indiano (Registo nº 31670)

Detalhes MARC
000 -Etiqueta do registo
Valores 00631nam a2200241 4500
010 ## - Número ISBN
ISBN 9789722348201
021 ## - Número do Depósito Legal
-- PT
Número 342273/12
090 ## -
-- 31670
100 ## - Dados gerais de processamento
Dados gerais 20130116d2012 a 0pory5003 ba
101 ## - Língua de publicação
-- por
-- ita
102 ## - País de publicação
-- PT
105 ## -
-- a z 001fy
200 1# - Titulo e menção de responsabilidade
Título próprio <A >Esmeralda do Píncipe Indiano
Informação de outro título 1ª Parte
Primeira menção de responsabilidade Tea Stilton
Outras menções de responsabilidade trad. Filipe Guerra
210 ## - Publicação
Local de publicação Lisboa
Nome do editor Presença
Data de publicação 2012
215 ## - Descrição física 
Paginação / Volumes 109, [19] p.
Dimensões 19 cm
225 2# - Colecção 
Título próprio da colecção Tea Sisters
675 ## - CDU
Notação 087.5
Edição BNL
Língua por
700 #1 - Autor principal (pessoa individual)
Apelido Stilton
Nome Tea
702 #1 - Autor secundário (pessoa individual)
Apelido Guerra
Nome Filipe
-- 730
930 ## -
-- BECRE
990 ## - Elementos KOHA
Tipo de documento Livro
995 ## - Localização e informação dos exemplares
-- 18
Exemplares
Situação do levantamento Estado Biblioteca de origem Biblioteca de empréstimo Código de barras Cota Permissão de empréstimo Tipo de documento
  Completo Biblioteca da Escola Básica e Secundária Dr Isidoro de Sousa Biblioteca da Escola Básica e Secundária Dr Isidoro de Sousa 6831EV 087.5 SIS Disponível Livro




Powered by Koha